Loading...

The pronunciation of English

Bibliographic Details
Main Author: Daniel Jones
Format: Printed Book
Published: New Delhi Universal 1992
Subjects:
LEADER 01066nam a22002651a 4500
020 |a 9788185392509  |c 0.00 
040 |a SSUS - Library - Kalady 
082 |a 421.54  |b DAN/P 
100 |a Daniel Jones  
245 |a The pronunciation of English  |h [Text] 
260 |a New Delhi  |b Universal  |c 1992 
300 |a 223p. 
600 |a English Pronounciation 
600 |a Language English 
600 |a Language 
852 |h 421.54  |i DAN/P  |p 041766  |9 35.00  |t 3 
852 |h 421.54  |i DAN/P  |p 041764  |9 35.00  |t 1 
852 |h 421.54  |i DAN/P  |p 041765  |9 35.00  |t 2 
942 |c BK 
942 |c BK 
942 |c BK 
999 |c 36250  |d 36250 
952 |0 0  |1 0  |4 0  |6 421_540000000000000_DAN_P  |7 0  |9 52452  |a SSUS  |b SSUS  |d 2015-01-08  |g 35.00  |l 1  |o 421.54 DAN/P  |p 041766  |r 2018-09-17  |s 2018-07-31  |v 0.00  |w 2015-01-08  |y BK 
952 |0 0  |1 0  |4 0  |6 421_540000000000000_DAN_P  |7 0  |9 52453  |a SSUS  |b SSUS  |d 2015-01-08  |g 35.00  |o 421.54 DAN/P  |p 041764  |r 2015-01-08  |v 0.00  |w 2015-01-08  |y BK 
952 |0 0  |1 0  |4 0  |6 421_540000000000000_DAN_P  |7 0  |9 52454  |a SSUS  |b SSUS  |d 2015-01-08  |g 35.00  |o 421.54 DAN/P  |p 041765  |r 2015-01-08  |v 0.00  |w 2015-01-08  |y BK